000 00313nam a2200109Ia 4500
005 20251222140035.0
008 251222s1900||||xx |||||||||||||| ||spa||
082 _a180/S64D
245 0 _aEl derecho en Santo Tomás de Aquino
264 _bSociedad internacional Tomás de Aquino, sección Ecuador Quito
942 _cLIB
999 _c3095
_d3095